Statistics for NCAA Tournament Winning Percentage

Click here to take the quiz!

General Stats

  • This quiz has been taken 32 times
  • The average score is 16 of 26

Answer Stats

HintAnswer% Correct
.716UCLA
100%
.699Kansas
96%
.747Duke
92%
.711Kentucky
92%
.729North Carolina
92%
.686Michigan
84%
.710Florida
80%
.677Michigan State
80%
.633Wisconsin
80%
.660Indiana
76%
.644Ohio State
76%
.622Arizona
72%
.622Oregon
72%
.639Louisville
68%
.640Villanova
68%
.663Connecticut
64%
.618Georgetown
64%
.636Syracuse
64%
.600Butler
48%
.612Maryland
48%
.635UNLV
44%
.600San Francisco
32%
.667CCNY
20%
.722Loyola (IL)
8%
.600Canisius
4%
.600Cleveland State
4%

Score Distribution

Percentile by Number Answered

Percent of People with Each Score

Your Score History

You have not taken this quiz